| 000 | 00604nam a2200205 4500 | ||
|---|---|---|---|
| 005 | 20160321124030.0 | ||
| 008 | 160321b xxu||||| |||| 00| 0 eng d | ||
| 020 |
_a0199453365 _c550.00 |
||
| 040 | _aLoreto College | ||
| 041 | _aEnglish | ||
| 082 |
_a328.954 _bSHA |
||
| 100 | _aShankar,B.L. | ||
| 245 |
_aThe Indian parliamennt _bA democracy at work _cB.L.Shankar and Valerian Rodrigues |
||
| 260 |
_aNew Delhi _bOxford University Press _c2014 |
||
| 300 |
_axv,412p _b22cm |
||
| 504 | _aIncludes bibliographical references and index | ||
| 650 | _aParliament-India | ||
| 850 | _aLCLIB | ||
| 942 | _cBK | ||
| 999 |
_c40538 _d91017 |
||